Urgentná antikoncepcia

Bibliographic Details
Main Author: Paldia, Robert (Author)
Format: Article
Language:Slovak
PhysicalDescription:Obr.
ISSN:1335-5821
Subjects:

MARC

LEADER 00000nab a2200000 a 4500
001 vtls000829351
003 SK-MaSNL
005 20260304103532.0
008 250429c2002 xo 0 slo
015 |a SNBRB2003/04-10858 
035 |a CLN000181006 
035 |a urn:nbn:sk:snk-abpsy 
035 |a (urnnbn)urn:nbn:sk:snk:ar-a03x6q 
035 |a (uuid)8a6cc143-af31-4360-bda8-5c838b431fa8 
040 |a SNKBUCL  |b slo  |c SNKBUCL  |e AACR2 
041 0 |a slo 
044 |a xo  |c SK 
080 |a 615.256.3:616-08-039.74  |2 1997 
100 1 |a Paldia, Robert  |4 aut  |9 6458 
245 1 0 |a Urgentná antikoncepcia  |c Robert Paldia 
300 |b Obr. 
504 |a Res. slov. 
650 0 7 |a kontraceptíva  |2 SNKPH  |9 15119 
650 0 7 |a gestagény  |2 SNKPH  |9 15720 
650 0 7 |a levonorgestrel  |2 SNK  |9 911986 
650 0 7 |a Postinor-2  |2 SNK  |9 1402066 
650 0 7 |a postkoitálna antikoncepcia  |2 SNKPH  |9 29484 
655 7 |a články z novín a časopisov  |2 SNK  |9 267496 
773 0 |t Lekárnické listy  |g Roč. 4, č. 6 (2002), s. 15  |x 1335-5821 
850 |a Slovenská národná knižnica 
852 |a Slovenská národná knižnica 
954 |a odborná, vedecká literatúra pôvodná (slovenská)  |2 lita 
958 |a article27 
958 |a OND 
958 |a MI 
958 |a EUIPO 
992 |a RBX 
999 |c 2849148  |d 2851078